00779cam a22001937a 4500003000500000005001700005008004100022010001000063011001000073020001500083035001000098040000900108100003800117245024700155260010700402300001000509650002800519650003800547CHAP20220817043734.0001214d1999 mx r 00110 spa d a83136 a84108 a9688207969 a94627 cCHAP00aZedillo Ponce de León, Ernesto.10aConsiderations on the social, economic and political progress of the nation :bspeech delivered on the occasion of the commencement of ordinary sessions of the first period of the H. Congress of the Unionc/por Ernesto Zedillo Ponce de León aMéxico, D. F. :bPresidencia de la República. Dirección General de Comunicación Social,c1999. a37 p.14aDesarrollo económico.14aPolítica económicazMéxico.